000 00530nam a2200169 i 4500
001 125711
003 ES-MaACL
005 20230906192703.0
007 t|
008 070214s1968 sp |||| | spa d
100 1 _aRegidor Sendin, Angel.
_995888
245 1 0 _aOrganización y administración de empresas turísticas /
_cpor Ángel Regidor Sendin.
260 _aMadrid :
_b[s. n.],
_c1968 (
_fGráf. Maribel)
300 _a398 p. ;
_c24 cm.
650 4 _aEmpresas turísticas-
_xGestión.
_9166214
852 _aES-MaACL
_jC-46086
999 _c125711
_d125711